Statistics for Category Elimination - US National Parks #2

Click here to take the quiz!

General Stats

  • This quiz has been taken 311 times
  • The average score is 16 of 20

Answer Stats

Group#Category% Correct
150With a maximum elevation less than 13,000 feet
98%
247With more than 250,000 visitors in 2018
97%
128With a minimum elevation greater than 500 feet
96%
417In the top 50% of parks by maximum elevation
95%
440Without the letter G in its name
95%
110Entirely north of Colorado
93%
14In which bison can still be found
93%
225Containing a type of landform in its name
91%
410Entirely south of Oregon
88%
212In the mountain time zone
88%
344Which starts with a letter after F
85%
323In the top 50% of parks by size
85%
313In which wolves can still be found
83%
36Not in Alaska
83%
23In which professional rafting trips occur
80%
43With land at or below sea level
68%
11Named for a personTheodore Roosevelt
49%
41With two or more active volcanoesHawaii Volcanoes
47%
31Located entirely on islandsIsle Royale
44%
21With a color in its nameBlack Canyon of the Gunnison
40%

Score Distribution

Percentile by Number Answered

Percent of People with Each Score

Your Score History

You have not taken this quiz